MARC details
| 000 -LEADER |
| fixed length control field |
01950mam a2200289 a 4500 |
| 001 - CONTROL NUMBER |
| control field |
1999343 |
| 003 - CONTROL NUMBER IDENTIFIER |
| control field |
ARRUPE |
| 005 - DATE AND TIME OF LATEST TRANSACTION |
| control field |
20131219163034.0 |
| 008 - FIXED-LENGTH DATA ELEMENTS--GENERAL INFORMATION |
| fixed length control field |
961108s1997 nyu 000 1 eng |
| 010 ## - LIBRARY OF CONGRESS CONTROL NUMBER |
| LC control number |
96048601 |
| 020 ## - INTERNATIONAL STANDARD BOOK NUMBER |
| International Standard Book Number |
9781841955957 |
| 035 ## - SYSTEM CONTROL NUMBER |
| System control number |
(OCoLC)ocm35986274 |
| 040 ## - CATALOGING SOURCE |
| Original cataloging agency |
DLC |
| Transcribing agency |
DLC |
| Modifying agency |
YDX |
| -- |
PFO |
| -- |
OrLoB-B |
| 050 00 - LIBRARY OF CONGRESS CALL NUMBER |
| Classification number |
PR9348 |
| Item number |
.L334 1997 |
| 082 00 - DEWEY DECIMAL CLASSIFICATION NUMBER |
| Classification number |
808.83/10896 |
| Edition number |
21 |
| 300 ## - PHYSICAL DESCRIPTION |
| Dimensions |
24 cm. |
| 245 00 - TITLE STATEMENT |
| Title |
Under African skies : |
| Remainder of title |
modern African stories / |
| Statement of responsibility, etc |
edited and with an introduction by Charles R. Larson. |
| 260 ## - PUBLICATION, DISTRIBUTION, ETC. (IMPRINT) |
| Place of publication, distribution, etc |
New York : |
| Name of publisher, distributor, etc |
Farrar, Straus and Giroux, |
| Date of publication, distribution, etc |
1997. |
| 300 ## - PHYSICAL DESCRIPTION |
| Extent |
xix, 375 p. ; |
| 505 00 - FORMATTED CONTENTS NOTE |
| Title |
The Complete Gentleman / |
| Statement of responsibility |
Amos Tutuola -- |
| Title |
The Eyes of the Statue / |
| Statement of responsibility |
Camara Laye -- |
| Title |
Sarzan / |
| Statement of responsibility |
Birago Diop -- |
| Title |
Black Girl / |
| Statement of responsibility |
Sembene Ousmane -- |
| Title |
Papa, Snake & I / |
| Statement of responsibility |
Luis Bernardo Honwana -- |
| Title |
A Meeting in the Dark / |
| Statement of responsibility |
Ngugi wa Thiong'o -- |
| Title |
A Handful of Dates / |
| Statement of responsibility |
Tayeb Salih -- |
| Title |
Mrs. Plum / |
| Statement of responsibility |
Es'kia Mphahlele -- |
| Title |
Tekayo / |
| Statement of responsibility |
Grace Ogot -- |
| Title |
Two Sisters / |
| Statement of responsibility |
Ama Ata Aidoo -- |
| Title |
Girls at War / |
| Statement of responsibility |
Chinua Achebe -- |
| Title |
The Prisoner Who Wore Glasses / |
| Statement of responsibility |
Bessie Head -- |
| Title |
In the Hospital / |
| Statement of responsibility |
Similih M. Cordor -- |
| Title |
The True Martyr Is Me / |
| Statement of responsibility |
Rene Philombe -- |
| Title |
Innocent Terror / |
| Statement of responsibility |
Tijan M. Sallah -- |
| Title |
Africa Kills Her Sun / |
| Statement of responsibility |
Ken Saro-Wiwa -- |
| Title |
Afrika Road / |
| Statement of responsibility |
Don Mattera -- |
| Title |
Why Don't You Carve Other Animals / |
| Statement of responsibility |
Yvonne Vera -- |
| Title |
The Magician and the Girl / |
| Statement of responsibility |
Veronique Tadjo -- |
| Title |
A Prayer from the Living / |
| Statement of responsibility |
Ben Okri -- |
| Title |
Effortless Tears / |
| Statement of responsibility |
Alexander Kanengoni -- |
| Title |
Give Me a Chance / |
| Statement of responsibility |
Mzamane Nhlapo -- |
| Title |
Taken / |
| Statement of responsibility |
Steve Chimombo -- |
| Title |
I'm Not Talking About That, Now / |
| Statement of responsibility |
Sindiwe Magona -- |
| Title |
My Father, the Englishman, and I / |
| Statement of responsibility |
Nuruddin Farah -- |
| 505 80 - FORMATTED CONTENTS NOTE |
| Title |
A Gathering of Bald Men / |
| Statement of responsibility |
Mandla Langa. |
| 650 #0 - SUBJECT ADDED ENTRY--TOPICAL TERM |
| Topical term or geographic name as entry element |
Short stories, African. |
| 9 (RLIN) |
6083 |
| 650 #0 - SUBJECT ADDED ENTRY--TOPICAL TERM |
| Topical term or geographic name as entry element |
African fiction |
| Chronological subdivision |
20th century. |
| 9 (RLIN) |
6084 |
| 650 #0 - SUBJECT ADDED ENTRY--TOPICAL TERM |
| Topical term or geographic name as entry element |
Short stories, African |
| Form subdivision |
Translations into English. |
| 9 (RLIN) |
6085 |
| 700 1# - ADDED ENTRY--PERSONAL NAME |
| Personal name |
Larson, Charles R. |
| 9 (RLIN) |
6086 |
| 942 ## - ADDED ENTRY ELEMENTS (KOHA) |
| Source of classification or shelving scheme |
Library of Congress Classification |
| Koha item type |
Monograph ( Printed materials) |